00542nam a22001817a 450000500170000001000150001702000260003203500140005803700090007208200110008110000170009224500690010925000060017826000460018427000660023030000220029650000420031820250926154641.0 aENG-146875 a9789369587742c799.00 aEN-130407 bDBAD 21a621 aShivam Gupta aComplete Hand Written Book Mechanical Engineering/cShivam Gupta a1 aUttar PradeshbS. Chand Publishing c2025 aD-92, Sector-2, Noida bUttar Pradeshe201301k61-120-4682700 a402p. c21cm(pb)  afor All AE/JE & PSU Engineering Exams